00640nam a2200193Ia 4500008004100000020001300041082001400054100002300068245005300091250000800144260003500152300002800187500001900215600002100234650005000255942000700305952011900312999001500431240925s9999 xx 000 0 und d a71184589 a005.1 PRE aPressman, Roger S. 0aSoftware Engineering: a practitioner's approach  a5th aNew York:bMcGraw-Hillc,2001. axiii,554p.bNAfPirated aIncludes Index aComputer Science aComputer science, information & general works cBK 001040708SEaUITUbUITUd2001-12-09eBook Netg120.00l0o005.1 PREpQ3937r2024-09-25 07:13:20w2024-09-25yBK c6436d6436